• 首页
  • 本馆介绍
  • 公告通知
  • 最新文献
  • 馆藏检索
  • 电子资源
  • 读者导购
  • 参考咨询
  • 我的图书馆
  • 登录
  • 详细信息显示
  • 放入我的书架
  • 预约/预借图书
  • 作者相关作品
  • 分类相关作品
  • 丛书相关作品
  • 出版社相关作品

书目信息

  • 表格格式
  • 工作单格式
  • 卡片格式
题名:
现代偏微分方程导论
    
 
作者: 陈恕行 著
分册:  
出版信息: 北京   科学出版社  2005
页数: 10,190页
开本: 24cm
丛书名: 大学数学科学丛书
单 册:
中图分类: O175.2
科图分类:
主题词: 偏微分方程--高等学校--教材 , 偏微分方程
电子资源:
ISBN: 7-03-014632-8
000 00951nam0 2200277 450
000 00957nam0 2200277 450
000 00888nam0 2200253 450
000 00851nam0 2200241 45
005 20070527153230.14
010    @a7-03-014632-8@dCNY32.00
100    @a20070419d2005 em y0chiy0120 ea
101 0  @achi
102    @aCN@b110000
105    @ac z 000yy
200 1  @a现代偏微分方程导论@AXian Dai Pian Wei Fen Fang Cheng Dao Lun@f陈恕行著@FChen Shu Xing Zhu
210    @a北京@c科学出版社@d2005
215    @a10,190页@c肖像@d24cm
225 2  @a大学数学科学丛书@v6
300    @a偏微分方程是数学学科的一个重要分支,主要讲述了偏微分方程的一般理论,广义函数与Sobolev空间,椭圆边值问题、能量方法等内容。
410  0 @12001 @a大学数学科学丛书
606 0  @a偏微分方程@x高等学校@j教材
606 0  @a偏微分方程
690    @aO175.2@v4
701  0 @a陈恕行@AChen Shu Xing@f(1941~)@4著
801  0 @aCN@bTAOJIN@c20070527
905    @a10447@dO175.2@e116
    
    现代偏微分方程导论/陈恕行著.-北京:科学出版社,2005
    10,190页:肖像;24cm.-(大学数学科学丛书;6 )
    偏微分方程是数学学科的一个重要分支,主要讲述了偏微分方程的一般理论,广义函数与Sobolev空间,椭圆边值问题、能量方法等内容。
    
    ISBN 7-03-014632-8:CNY32.00
    
●
相关链接 在E读中查询图书 在五车中查询图书 在当当中查询图书 在豆瓣中查询图书


正题名:现代偏微分方程导论     索取号:O175.2/116         预约/预借

序号 登录号 条形码 馆藏地/架位号 状态 备注
1 0523010   205230105   第二样本阅览室/ [索取号:O175.2/116] 在馆    
2 0523011   205230114   第三借阅区/ [索取号:O175.2/116] 在馆    
3 0523012   205230123   第三借阅区/ [索取号:O175.2/116] 在馆    
4 0523013   205230132   第三借阅区/ [索取号:O175.2/116] 在馆    
唐山师范学院图书馆 欢迎您!
大连网信软件有限公司© 版权所有